Verrai a trovarmi d'inverno /

সংরক্ষণ করুন:
গ্রন্থ-পঞ্জীর বিবরন
প্রধান লেখক: Alicata, Cristiana
বিন্যাস: গ্রন্থ
ভাষা:ইতালিয়
প্রকাশিত: Matelica : Hacca, [2011]
মালা:Hacca ; 33
ট্যাগগুলো: ট্যাগ যুক্ত করুন
কোনো ট্যাগ নেই, প্রথমজন হিসাবে ট্যাগ করুন!

MARC

LEADER 00000nam a22000007i 4500
001 IT\ICCU\UM1\0118164
003 ItRI
005 20260123222641.0
008 110418s2011 it |||||| ||||| |||||c
020 |a 9788889920589 
040 |b ita  |c GP 
041 7 |a ita  |2 ISO-639-2 
082 |a 853.914  |2 20 
100 1 |a Alicata, Cristiana  |0 IT\ICCU\UBOV\078869 
240 1 0 |a Verrai a trovarmi d'inverno 
245 1 0 |a Verrai a trovarmi d'inverno /  |c Cristiana Alicata. 
260 |a Matelica :  |b Hacca,  |c [2011] 
300 |a 286 p. ;  |c 21 cm. 
830 0 |a Hacca ;  |v 33  |0 IT\ICCU\UMC\0718423 
942 |2 ddc  |c BK 
952 |0 0  |1 0  |2 ddc  |4 0  |6 853_914000000000000_ALI  |7 1  |9 607  |a RM  |b RM  |d 2024-02-06  |l 0  |o 853.914 ALI  |p 94  |r 2024-02-06 16:42:13  |w 2024-02-06  |y BK 
952 |0 0  |1 0  |2 ddc  |4 0  |6 B_LNR02ALICRVER11  |7 0  |9 7695  |a MI  |b MI  |d 2012-04-06  |i 6425  |l 0  |o B-LNR02-ALICR-VER11  |p CDOM6425  |r 2025-07-13 16:28:45  |w 2025-07-13  |x DONO  |y BK 
952 |0 0  |1 0  |4 0  |6 L_853_914000000000000_ALI  |7 0  |9 21359  |a BO  |b BO  |d 2026-01-15  |i 15336  |l 0  |o L 853.914 ALI  |p BO15336  |r 2026-01-15 23:21:54  |w 2026-01-15  |x [Sebina 5] [1 v.]  |y BK  |z 1 v. (con dedica dell'A.) 
981 1 |6 z01  |a i   |b xxxe  
982 1 |6 z01  |a n 
999 |c 555  |d 555